Frozen Quiz - Statistics

General Stats
  • This quiz has been taken 1,151 times
  • The average score is 11 of 12
Answer Stats
Hint Answer % Correct
She is the sister of the Queen of Arendelle. Anna
99%
She is the Queen of Arendelle. Sister of Anna. Elsa
97%
He is made of snow and loves to give warm hugs. Olaf
96%
Finish the title of the song 'Let It... Go
95%
He is a Reindeer. His best friend is Kristoff. Sven
95%
He is Sven's best friend. He was brought up by lovable trolls. Kristoff
93%
There hometown. Elsa is Queen of... Arendelle
90%
He is the backstabbing monster that Anna wished she had never met. Prince Hans
90%
They brought up Kristoff and his Reindeer. Trolls
87%
The old King of Arendelle. Elsa and Anna's... Dad
77%
The old Queen of Arendelle. Elsa and Anna's... Mom
76%
He loves to find juicy gossip. He is the Duke of... Duke of Weselton
74%
No matching quizzes found
Score Distribution
Percent of People with Each Score
Percentile by Number Answered
Your Score History
You have not taken this quiz